000 01408cam a2200433 a 4500
001 20093
003 VRT
005 20260116120858.0
008 201103s2003 xo a g 00000bslo
015 _aSNBA2004/03-02695
020 _a8070907193
035 _aSNK000424086
039 9 _a202311221032
_bAUTHORITY
_c202011030951
_dcsnk01
_c202011030859
_dVLOAD
_c201606141401
_dmsnk143
040 _aSNK
_bslo
_cSNK
_eAACR2
041 0 _aslo
_aeng
043 _ae-xo---
044 _axo
_cSK
080 _a75.071.1(084.12)
_21981
245 0 0 _aIvan Štubňa
_cpublikáciu pripravili Igor Štrbík a Kristína Zvedelová
250 _a[1. vyd.]
260 _aMartin
_bMatica slovenská
_c2003
300 _a103 s.
_bfotogr.
_c28 cm
490 1 _aKnižnica Matice slovenskej. Séria obrazových publikácií
_vzv. 4
500 _aFareb. fotogr. na front.
500 _aSúbež. text angl.
504 _aBibliogr. na s. 103
600 1 7 _aŠtubňa, Ivan,
_d1926-1994
_2SNKMA
650 0 7 _amaliari
_2SNKPH
650 0 7 _agrafici
_2SNKPH
650 0 7 _avýtvarné umenie
_2SNKPH
651 7 _aSlovensko
_2SNKPHgeo
655 7 _abiografie
_2SNKPH
655 7 _afotografické publikácie
_2SNKPH
700 1 _aŠtrbík, Igor,
_d1964-
_4com
700 1 _aZvedelová, Kristína,
_d1979-
_4com
830 0 _aKnižnica Matice slovenskej. Séria obrazových publikácií
910 _asnk
942 _2ddc
_cOLDO
_n0
999 _c20093
_d20093